Rǧimen de Incorporacin̤ Fiscal

Detalles Bibliográficos
Autor principal: Luna Guerra, Antonio
Formato: eBook
Lenguaje:español
Publicado: Mx̌ico D.F.: Ediciones Fiscales ISEF, 2015
Materias:
Acceso en línea:Acceso restringido

MARC

LEADER 00000nam a22000007a 4500
005 20150202182735.0
007 cr|||| ||||
008 150202s2015 mx |||||s|||| 00||0 spa d
020 |a 978-607-406-709-5 
035 |a 12594 
040 |a vLex 
090 |c 5345  |d 5345 
100 1 |a Luna Guerra, Antonio 
245 1 0 |a Rǧimen de Incorporacin̤ Fiscal  |h [Recurso electrn̤ico] /  |c Antonio Luna Guerra 
256 |a Servicio en ln̕ea 
260 |a Mx̌ico D.F.:  |b Ediciones Fiscales ISEF,  |c 2015 
300 |a 1 recurso electrn̤ico 
506 1 |a Contenido disponible en los productos indicados  |d vLex Global  |d vLex Global (Academic Edition, excluding Law Schools)  |d vLex Global (U.S. Academic Edition, Law Schools)  |d vLex Global (U.S. Academic Edition, excluding Law Schools)  |d vLex Global (Academic Edition, Law Schools) 
650 0 4 |a Derecho fiscal  |z Mx̌ico 
740 0 |a vLex Libros (Servicio en ln̕ea) 
856 4 0 |u http://vlex.com/source/regimen-incorporacion-fiscal-12594  |z Acceso restringido 
942 |c BOOK 
999 0 |a Taxation